[Event "IV Open"]
[Site "Crema ITA"]
[Date "2002.09.07"]
[Round "4"]
[White "Golia, Franco"]
[Black "Gentili, Gianguido"]
[Result "0-1"]
[WhiteElo "1837"]
[BlackElo "1684"]
[PlyCount "82"]
[EventDate "2002.09.06"]

1. d4 d6 2. g3 Bf5 3. Bg2 Qc8 4. e4 Bg6 5. Ne2 e5 6. c3 Nf6 7. f3 Be7 8. Be3
Nbd7 9. Nd2 c5 10. f4 b5 11. h3 h6 12. O-O a5 13. g4 Qc7 14. Ng3 Rc8 15. Nf5
Bxf5 16. gxf5 exf4 17. Bxf4 O-O 18. Nb3 a4 19. Nxc5 Nxc5 20. dxc5 Qxc5+ 21. Kh1
Rfd8 22. Re1 d5 23. Be3 Qc6 24. Bd4 Nxe4 25. Qd3 Bh4 26. Rec1 Re8 27. Rc2 b4
28. Rd1 b3 29. axb3 axb3 30. Rcc1 Ng3+ 31. Kh2 Re2 32. c4 Rce8 33. c5 Qc7 34.
Kg1 R2e7 35. Ra1 Ne2+ 36. Kf1 Nxd4 37. Qxd4 Qg3 38. Qd2 Re2 39. Qxe2 Rxe2 40.
Kxe2 Qxg2+ 41. Kd3 Qe4+ 0-1

[Event "IV Open"]
[Site "Crema ITA"]
[Date "2002.09.07"]
[Round "4"]
[White "Gualazzi, Paolo"]
[Black "Massa, Salvenrico"]
[Result "0-1"]
[WhiteElo "1576"]
[BlackElo "1753"]
[PlyCount "66"]
[EventDate "2002.09.06"]

1. d4 d5 2. c4 dxc4 3. e4 e5 4. Nf3 exd4 5. Bxc4 Bb4+ 6. Bd2 Bxd2+ 7. Nbxd2 Nh6
8. O-O O-O 9. Rc1 Nc6 10. a3 Bg4 11. Qc2 Qe7 12. Ba2 Rfd8 13. Bb1 Rd7 14. Qb3
Nd8 15. h3 Bh5 16. Qc4 Qe6 17. Qb5 Bg6 18. Ba2 Qe7 19. Rfe1 c6 20. Qa4 d3 21.
Rc3 Ne6 22. Bb1 Nf4 23. Kf1 Kh8 24. Re3 Qd8 25. Qb3 Qb6 26. Qa2 Rad8 27. Ne5
Rd4 28. Nxg6+ hxg6 29. Bxd3 Nxd3 30. Nf3 R4d7 31. e5 Nf4 32. Qc4 Rd1+ 33. Ne1
Nd5 0-1

[Event "IV Open"]
[Site "Crema ITA"]
[Date "2002.09.07"]
[Round "4"]
[White "Gualtieri, Primo"]
[Black "Torriani, Piergiorgio"]
[Result "0-1"]
[WhiteElo "1609"]
[BlackElo "1600"]
[PlyCount "110"]
[EventDate "2002.09.06"]

1. e4 e5 2. f4 d5 3. exd5 e4 4. d3 exd3 5. Qxd3 Nf6 6. Nc3 Nbd7 7. Be3 Bb4 8.
Nge2 b6 9. g3 Bb7 10. Bg2 O-O 11. O-O-O Ng4 12. Bd4 Nc5 13. Qf3 Nf6 14. a3 Bxc3
15. Nxc3 Qd6 16. Rhe1 Rfe8 17. Be5 Qd8 18. Re2 Ncd7 19. Rde1 Nxe5 20. Rxe5 Qd7
21. Qe2 Kf8 22. Bf3 Rxe5 23. fxe5 Nxd5 24. e6 Nxc3 25. e7+ Ke8 26. bxc3 Bxf3
27. Qxf3 c6 28. h4 a5 29. h5 Qd6 30. Kb2 Ra7 31. Rd1 Qe6 32. Qf2 c5 33. Qd2 Rd7
34. Qxd7+ Qxd7 35. Rxd7 Kxd7 36. e8=Q+ Kxe8 37. Kb3 Kd7 38. Kc4 Kc6 39. a4 f5
40. Kd3 Kd5 41. c4+ Ke5 42. Ke3 g6 43. hxg6 hxg6 44. c3 g5 45. Kf3 g4+ 46. Ke3
Ke6 47. Kf4 Kf6 48. Ke3 Ke5 49. Kf2 Ke4 50. Ke2 f4 51. gxf4 Kxf4 52. Kf2 g3+
53. Kg2 Kg4 54. Kf1 Kf3 55. Kg1 g2 0-1

[Event "IV Open"]
[Site "Crema ITA"]
[Date "2002.09.07"]
[Round "4"]
[White "Humel, Andrea"]
[Black "Raffaldi, Fabrizio"]
[Result "1/2-1/2"]
[WhiteElo "1470"]
[BlackElo "1560"]
[PlyCount "110"]
[EventDate "2002.09.06"]

1. d4 d5 2. c4 dxc4 3. Nc3 e5 4. Nf3 exd4 5. Qxd4 Qxd4 6. Nxd4 c6 7. e4 b5 8.
Be2 Bd6 9. O-O Ne7 10. Be3 Bb7 11. Rad1 Bc7 12. Bg4 O-O 13. Nf3 Na6 14. e5 Ng6
15. e6 fxe6 16. Bxe6+ Kh8 17. Ng5 h6 18. Nf7+ Kh7 19. Nxh6 Ne5 20. f4 Nd3 21.
Nf7 c5 22. Nd5 Bxd5 23. Bxd5 Rae8 24. Ng5+ Kh8 25. Rf3 g6 26. Rh3+ Kg7 27. Ne6+
Rxe6 28. Bxe6 Bxf4 29. Bxf4 Rxf4 30. Rf3 Rxf3 31. gxf3 Kf6 32. Bc8 Nc7 33. Rd2
Ke5 34. Re2+ Kf6 35. h4 a5 36. Bb7 Nc1 37. Rd2 Nd3 38. Be4 Ne5 39. Kg2 b4 40.
f4 Nf7 41. Kf3 Nb5 42. Rd5 c3 43. bxc3 Nxc3 44. Rxc5 Nxa2 45. Rxa5 Nc3 46. f5
Ne5+ 47. Ke3 Nxe4 48. Kxe4 gxf5+ 49. Kf4 Ng6+ 50. Kg3 f4+ 51. Kf2 Nxh4 52. Ra6+
Ke5 53. Ra5+ Ke4 54. Ra4 Nf5 55. Rxb4+ Ke5 1/2-1/2

[Event "IV Open"]
[Site "Crema ITA"]
[Date "2002.09.07"]
[Round "4"]
[White "Menini, Luca"]
[Black "Potenza, Gaetano"]
[Result "0-1"]
[WhiteElo "1600"]
[BlackElo "1476"]
[PlyCount "90"]
[EventDate "2002.09.06"]

1. d4 c6 2. c4 d5 3. Nc3 dxc4 4. Nf3 Nd7 5. e3 b5 6. Bd2 Bb7 7. Be2 Ngf6 8. O-O
e6 9. Qc2 Qc7 10. h3 Rd8 11. Rfe1 a6 12. a3 c5 13. Rad1 Bxf3 14. Bxf3 h6 15.
Ne2 Nb6 16. Ba5 Be7 17. Rd2 O-O 18. Red1 Qb8 19. dxc5 Bxc5 20. Rxd8 Rxd8 21.
Rxd8+ Qxd8 22. Nc3 Qd6 23. Qd1 Nbd5 24. e4 Nf4 25. Qxd6 Bxd6 26. Nd1 Nd3 27.
Bc3 Nd7 28. Kf1 N7c5 29. g3 Na4 30. Ke2 Nxc3+ 31. bxc3 Bxa3 32. e5 a5 33. Bc6
b4 34. cxb4 axb4 35. f4 g5 36. Ke3 gxf4+ 37. gxf4 b3 38. Ba4 Bc1+ 39. Kd4 Nxf4
40. Kxc4 b2 41. Bc2 Nxh3 42. Kb3 Ng5 43. Nf2 Nf3 44. Ng4 Kg7 45. Ka2 h5 0-1

[Event "IV Open"]
[Site "Crema ITA"]
[Date "2002.09.07"]
[Round "4"]
[White "Miatello, Alberto"]
[Black "Sbarra, Marco"]
[Result "0-1"]
[WhiteElo "1878"]
[BlackElo "2237"]
[PlyCount "74"]
[EventDate "2002.09.06"]

1. e4 c5 2. Nf3 Nc6 3. d4 cxd4 4. Nxd4 e6 5. Nc3 Qc7 6. Be2 a6 7. O-O b5 8.
Nxc6 dxc6 9. f4 Bb7 10. Be3 c5 11. Bf3 b4 12. Nb1 Nf6 13. Nd2 Be7 14. Qe1 O-O
15. g4 c4 16. c3 bxc3 17. bxc3 Bc5 18. g5 Nd7 19. Nxc4 Bxe3+ 20. Nxe3 Qxf4 21.
h4 Nc5 22. Bg2 Qc7 23. Ng4 Rad8 24. Rb1 Rd3 25. Rxb7 Qxb7 26. h5 Qb2 27. h6
Qxc3 28. hxg7 Qxg7 29. Qh4 Nd7 30. e5 Nxe5 31. Nf6+ Kh8 32. Nh5 Ng6 33. Nxg7
Nxh4 34. Nxe6 Re8 35. Nc7 Re7 36. Nxa6 Rg3 37. Rf2 Rxg5 0-1

[Event "IV Open"]
[Site "Crema ITA"]
[Date "2002.09.07"]
[Round "4"]
[White "Moratto, Davide"]
[Black "Pezzotta, Gianni"]
[Result "1-0"]
[WhiteElo "1557"]
[BlackElo "1380"]
[PlyCount "55"]
[EventDate "2002.09.06"]

1. e4 d6 2. d4 Nf6 3. Bd3 g6 4. f4 c5 5. dxc5 Qa5+ 6. Nc3 Qxc5 7. Qe2 Bg7 8.
Be3 Qc7 9. Nb5 Qd8 10. Nf3 a6 11. Nc3 Nc6 12. h3 O-O 13. O-O Nh5 14. Qf2 Bxc3
15. bxc3 f5 16. Qh4 fxe4 17. Bxe4 Nf6 18. Bd3 Qe8 19. Ng5 e6 20. Rae1 Ne7 21.
Bd4 h5 22. Nxe6 Bxe6 23. Rxe6 Nfd5 24. c4 Rxf4 25. Rxf4 Nxf4 26. Qxf4 Qf7 27.
Qxd6 Nf5 28. Bxf5 1-0

[Event "IV Open"]
[Site "Crema ITA"]
[Date "2002.09.07"]
[Round "4"]
[White "Pagliari, Franco"]
[Black "Benedetti, Maurizio"]
[Result "0-1"]
[WhiteElo "1500"]
[BlackElo "1458"]
[PlyCount "44"]
[EventDate "2002.09.06"]

1. e4 d6 2. d4 Nf6 3. Nc3 g6 4. Nf3 Bg7 5. Be2 O-O 6. O-O c5 7. dxc5 dxc5 8.
Bd3 Nc6 9. Re1 Ng4 10. Nd5 e6 11. Nf4 Qd6 12. c3 b6 13. Bc2 Rd8 14. Qxd6 Rxd6
15. Nd3 Ba6 16. Rd1 Rad8 17. Bf4 e5 18. Ndxe5 Rxd1+ 19. Rxd1 Rxd1+ 20. Bxd1
Ngxe5 21. Nd2 Nd3 22. Bb8 Nxb8 0-1

[Event "IV Open"]
[Site "Crema ITA"]
[Date "2002.09.07"]
[Round "4"]
[White "Panizzi, Giuseppe"]
[Black "Biava, Pierluigi"]
[Result "1/2-1/2"]
[WhiteElo "1859"]
[BlackElo "1546"]
[PlyCount "101"]
[EventDate "2002.09.06"]

1. d4 Nf6 2. c4 e6 3. Nc3 Bb4 4. Qc2 c5 5. e3 cxd4 6. exd4 d5 7. Nf3 Nc6 8.
cxd5 Nxd5 9. Bb5 Bd7 10. O-O Nce7 11. Bxd7+ Qxd7 12. Ne5 Qc7 13. Qa4+ Kf8 14.
Nxd5 Nxd5 15. Qd1 f6 16. Nf3 Kf7 17. Bd2 Rac8 18. Bxb4 Nxb4 19. Qb3 Nd5 20. h3
g5 21. Rac1 Qb6 22. Qxb6 Nxb6 23. Nd2 Rxc1 24. Rxc1 Rc8 25. Rxc8 Nxc8 26. Kf1
Nd6 27. Ke2 b6 28. Kd3 Ke7 29. b3 h5 30. g4 h4 31. f3 Nb5 32. a4 Nc7 33. f4 Nd5
34. fxg5 fxg5 35. Nf3 Nf4+ 36. Kc4 Nxh3 37. Kb5 Nf2 38. Nh2 Ne4 39. Ka6 Nd2 40.
Kxa7 Nxb3 41. Kxb6 Nxd4 42. a5 Kd7 43. a6 Nc6 44. Kc5 Kc7 45. Nf3 h3 46. Nh2
Nd8 47. a7 Kb7 48. Kd6 Kxa7 49. Ke5 Kb6 50. Kf6 Kc5 51. Kxg5 1/2-1/2

[Event "IV Open"]
[Site "Crema ITA"]
[Date "2002.09.07"]
[Round "4"]
[White "Pinotti, Claudio"]
[Black "Sartorio, Diego"]
[Result "1/2-1/2"]
[WhiteElo "2073"]
[BlackElo "2050"]
[PlyCount "52"]
[EventDate "2002.09.06"]

1. e4 d6 2. d4 Nf6 3. Nc3 c6 4. Be3 Qa5 5. f3 e5 6. Qd2 b5 7. Nge2 a6 8. g4 h6
9. Ng3 g6 10. Be2 Qc7 11. Kf2 Nbd7 12. Rhd1 Nb6 13. dxe5 dxe5 14. a3 Be6 15. b3
Nbd7 16. Kg2 Rd8 17. Nb1 Nc5 18. Qxd8+ Qxd8 19. Rxd8+ Kxd8 20. a4 Kc7 21. axb5
axb5 22. Ra8 Bc8 23. Nc3 Kb7 24. Ra1 Be6 25. Na2 Na6 26. h3 Bc5 1/2-1/2

[Event "IV Open"]
[Site "Crema ITA"]
[Date "2002.09.07"]
[Round "4"]
[White "Prati, Alessandro"]
[Black "Gardon, Ermanno"]
[Result "0-1"]
[WhiteElo "1624"]
[BlackElo "2108"]
[PlyCount "64"]
[EventDate "2002.09.06"]

1. d4 d5 2. Nf3 Nf6 3. Bg5 Nbd7 4. e3 e6 5. Bd3 c5 6. c3 Be7 7. O-O O-O 8. Ne5
Nxe5 9. dxe5 Nd7 10. Bxe7 Qxe7 11. f4 f6 12. Qh5 g6 13. Bxg6 hxg6 14. Qxg6+ Qg7
15. Qh5 fxe5 16. Rf3 exf4 17. exf4 Nf6 18. Qe5 Ne4 19. Qh5 Qh7 20. Qg4+ Kf7 21.
Rh3 Qg7 22. Qf3 Rh8 23. Rxh8 Qxh8 24. Na3 Bd7 25. Nc2 Qh7 26. Ne3 Rh8 27. Ng4
Ke7 28. h3 Rf8 29. Qe3 Qh4 30. Ne5 Be8 31. Rf1 Rg8 32. Nf3 Qxh3 0-1

[Event "IV Open"]
[Site "Crema ITA"]
[Date "2002.09.07"]
[Round "4"]
[White "Riva, Carlo"]
[Black "Impellizzeri, Francesco"]
[Result "1-0"]
[WhiteElo "1480"]
[BlackElo "1645"]
[PlyCount "184"]
[EventDate "2002.09.06"]

1. e4 e6 2. d4 d5 3. exd5 exd5 4. Bd3 Bd6 5. Nf3 Ne7 6. O-O O-O 7. c3 Nbc6 8.
Qc2 Ng6 9. Bg5 f6 10. Be3 Nce7 11. Nbd2 Qe8 12. g3 Bh3 13. Rfe1 Qd7 14. Re2
Rae8 15. Rae1 c6 16. b4 a6 17. a4 b5 18. Ra1 Ra8 19. Ree1 Ra7 20. Ra2 Rfa8 21.
Rea1 Kf7 22. Ra3 Bf5 23. axb5 Bxd3 24. Qxd3 axb5 25. Rxa7 Rxa7 26. Qb1 Nc8 27.
Nb3 Nb6 28. Nfd2 Rxa1 29. Qxa1 Na4 30. Qc1 Qf5 31. Qb1 Qh3 32. Qc1 h5 33. Nb1
h4 34. Qf1 Qf5 35. Qd1 hxg3 36. fxg3 Qe4 37. Bf2 Ne7 38. Na5 g6 39. Nb7 Nc8 40.
Nd8+ Ke7 41. Nxc6+ Kd7 42. Na5 Kc7 43. Nb3 f5 44. Nc5 Bxc5 45. bxc5 Na7 46. Qe1
Qxe1+ 47. Bxe1 Kd7 48. Kf2 Ke6 49. Kf3 g5 50. Bd2 g4+ 51. Kf4 Nb2 52. Na3 Nd3+
53. Kg5 Nf2 54. Be1 Ne4+ 55. Kf4 Nf6 56. Nc2 Ng8 57. Ne3 Ne7 58. Bd2 Nac6 59.
Nc2 Na7 60. Bc1 Nec6 61. Ba3 Ne7 62. Nb4 Ng6+ 63. Kg5 Ne7 64. Nd3 Kd7 65. Ne5+
Ke6 66. Ng6 Nxg6 67. Kxg6 Nc6 68. Bc1 Ne7+ 69. Kg5 Nc6 70. Bf4 Na5 71. Bc7 Nc6
72. Bb6 Nb8 73. Kg6 Nc6 74. Kg7 Ke7 75. Bc7 Kd7 76. Bd6 Ke6 77. Kf8 Kd7 78. Kf7
b4 79. cxb4 Nxb4 80. Kf6 Nc6 81. Kxf5 Nxd4+ 82. Kxg4 Ke6 83. h4 Nf5 84. Bf4 d4
85. h5 d3 86. h6 Ne7 87. c6 Ng6 88. Bd2 Kd6 89. Kf5 Nh8 90. Kf6 Kxc6 91. Kg7
Kd7 92. Kxh8 Ke7 1-0

[Event "IV Open"]
[Site "Crema ITA"]
[Date "2002.09.07"]
[Round "4"]
[White "Ruggeri, Dario"]
[Black "Annoni, Riccardo"]
[Result "1/2-1/2"]
[WhiteElo "1618"]
[BlackElo "1843"]
[PlyCount "97"]
[EventDate "2002.09.06"]

1. e4 c5 2. Nf3 e6 3. d4 cxd4 4. Nxd4 Nf6 5. Nc3 Nc6 6. Ndb5 Bb4 7. Nd6+ Ke7 8.
Nxc8+ Rxc8 9. Bd2 Re8 10. Be2 Kf8 11. Bf3 d5 12. a3 Bxc3 13. Bxc3 Nxe4 14. Bxe4
dxe4 15. Qg4 e5 16. Qxe4 Kg8 17. O-O Qc7 18. Rad1 Rcd8 19. Rfe1 Rxd1 20. Rxd1
Rd8 21. Rxd8+ Qxd8 22. h3 Qd6 23. b4 b5 24. Bb2 h6 25. c4 bxc4 26. Qxc4 Qd1+
27. Qf1 Qb3 28. Qc1 Nd4 29. Bxd4 exd4 30. Kf1 Qd3+ 31. Ke1 Qe4+ 32. Kf1 d3 33.
Qe1 Qc4 34. Qd2 Qd4 35. Qd1 Qc3 36. a4 Qxb4 37. Qxd3 Qxa4 38. Qd8+ Kh7 39. Qd5
Qa1+ 40. Ke2 Qb2+ 41. Kf3 Qc3+ 42. Ke2 Qc7 43. Kd3 a5 44. h4 Qf4 45. Qxa5 Qxf2
46. Qd5 Qf1+ 47. Ke3 Qe1+ 48. Kf3 Qxh4 49. Qf5+ 1/2-1/2

[Event "IV Open"]
[Site "Crema ITA"]
[Date "2002.09.07"]
[Round "4"]
[White "Salami, Giovanni"]
[Black "Folcini, Gaddo"]
[Result "0-1"]
[WhiteElo "1510"]
[BlackElo "1344"]
[PlyCount "40"]
[EventDate "2002.09.06"]

1. d4 e5 2. e4 exd4 3. Qxd4 Nc6 4. Qd1 Bc5 5. Nf3 Nf6 6. Bg5 Bxf2+ 7. Kxf2
Nxe4+ 8. Kg1 Nxg5 9. Bc4 Qf6 10. Nbd2 O-O 11. Nxg5 Qxg5 12. Nf3 Qc5+ 13. Kf1
Qxc4+ 14. Kg1 b6 15. b3 Qc5+ 16. Kf1 Ba6+ 17. c4 b5 18. Rc1 bxc4 19. Nd2 cxb3+
20. Nc4 Bxc4+ 0-1

[Event "IV Open"]
[Site "Crema ITA"]
[Date "2002.09.07"]
[Round "4"]
[White "Salami, Marco"]
[Black "Marchiano, Nicola"]
[Result "0-1"]
[WhiteElo "2206"]
[BlackElo "1633"]
[PlyCount "44"]
[EventDate "2002.09.06"]

1. e4 d5 2. exd5 Qxd5 3. Nc3 Qa5 4. d4 Nf6 5. Bc4 Bg4 6. Nge2 Nc6 7. O-O O-O-O
8. Be3 Nxd4 9. Bxd4 e5 10. Nb5 exd4 11. Qd3 a6 12. Na3 Bxe2 13. Qxe2 Bxa3 14.
bxa3 Qxa3 15. Bxf7 Rhf8 16. Qc4 Qd6 17. Rfe1 Qf4 18. Rab1 Ne4 19. Be6+ Kb8 20.
Qxa6 Qxf2+ 21. Kh1 Qxe1+ 22. Rxe1 bxa6 0-1

[Event "IV Open"]
[Site "Crema ITA"]
[Date "2002.09.07"]
[Round "4"]
[White "Trangoni, Bruno"]
[Black "Venturini, Fabiano"]
[Result "1-0"]
[WhiteElo "1695"]
[BlackElo "1731"]
[PlyCount "73"]
[EventDate "2002.09.06"]

1. f4 e5 2. fxe5 d6 3. exd6 Nf6 4. dxc7 Qxc7 5. Nf3 Bd6 6. e3 Ng4 7. Bb5+ Nc6
8. Nc3 Bxh2 9. Ne4 Bg3+ 10. Kf1 Bd7 11. Rh3 Be5 12. Bxc6 Bxc6 13. Nxe5 Nxe5 14.
Nf2 O-O-O 15. e4 Kb8 16. d3 Ka8 17. Bf4 Qe7 18. Qh5 Ng6 19. Bg5 f6 20. Be3 Ne5
21. a4 Qb4 22. b3 Bd7 23. Rg3 g6 24. Qe2 f5 25. Bd2 Qe7 26. Bg5 Qg7 27. Bxd8
Rxd8 28. exf5 Bxf5 29. Re1 Nc6 30. Re3 Bd7 31. b4 Nxb4 32. Re7 Qd4 33. c3 Qxc3
34. Rxd7 Rc8 35. Qf3 Nc6 36. Rb1 Rb8 37. Rc7 1-0

[Event "IV Open"]
[Site "Crema ITA"]
[Date "2002.09.07"]
[Round "4"]
[White "Vetturi, Pietro"]
[Black "Scotti, Luigi"]
[Result "1-0"]
[WhiteElo "1600"]
[BlackElo "1399"]
[PlyCount "113"]
[EventDate "2002.09.06"]

1. d4 d5 2. Nf3 c6 3. e3 Nf6 4. c4 Bf5 5. Nc3 Nbd7 6. cxd5 cxd5 7. Bd3 e6 8.
Bxf5 exf5 9. O-O Be7 10. Qd3 g6 11. Qb5 O-O 12. Nxd5 Nxd5 13. Qxd5 Qc7 14. Bd2
Nf6 15. Qb3 Ne4 16. Rac1 Nxd2 17. Nxd2 Qd7 18. Rc2 Rac8 19. Rfc1 Rxc2 20. Qxc2
Bd6 21. b3 Ba3 22. Rd1 Rc8 23. Qd3 b5 24. Nb1 Bb4 25. a3 Bd6 26. b4 Qc7 27. g3
a6 28. Qb3 h5 29. Nd2 h4 30. e4 hxg3 31. hxg3 Qc3 32. e5 Qxb3 33. Nxb3 Be7 34.
Rc1 Rc4 35. d5 Kf8 36. Kf1 Ke8 37. Rxc4 bxc4 38. Na5 c3 39. Ke2 g5 40. Kd3 f4
41. Nc6 fxg3 42. fxg3 Bf8 43. g4 Bg7 44. Kxc3 f5 45. exf6 Bxf6+ 46. Kc4 Kd7 47.
Nb8+ Kd6 48. Nxa6 Bb2 49. Nc5 Bxa3 50. Nd3 Kc7 51. Kb3 Bxb4 52. Kxb4 Kd6 53.
Kc4 Kd7 54. Kc5 Kc7 55. Ne5 Kd8 56. Kd6 Ke8 57. Kc7 1-0

[Event "IV Open"]
[Site "Crema ITA"]
[Date "2002.09.08"]
[Round "5"]
[White "Agnelli, Francesco"]
[Black "Bozuffi, Italo"]
[Result "1-0"]
[WhiteElo "2146"]
[BlackElo "1600"]
[PlyCount "86"]
[EventDate "2002.09.06"]

1. e4 c6 2. d4 e6 3. Nf3 Be7 4. Bd3 d6 5. Nc3 h6 6. Qe2 Qb6 7. O-O Qc7 8. Bf4
Qb6 9. Na4 Qa5 10. b3 b5 11. Nb2 Qb6 12. c4 a6 13. Rac1 Qa7 14. cxb5 axb5 15.
Bxb5 Bd7 16. Ba4 Nf6 17. Nc4 e5 18. dxe5 dxe5 19. Nfxe5 O-O 20. Rfd1 Be6 21.
Bxc6 Nxc6 22. Nxc6 Bg4 23. Qd3 Qb7 24. Nxe7+ Kh8 25. Nd5 Bxd1 26. Nxf6 gxf6 27.
Rxd1 Rfd8 28. Nd6 Qe7 29. Qh3 Kg8 30. Re1 Rxd6 31. Qg3+ Kh8 32. Bxd6 Qd7 33.
Qf4 Rxa2 34. Qxf6+ Kg8 35. Be5 Kf8 36. h3 Qd2 37. Bd6+ Kg8 38. Re3 Ra5 39. Qxh6
Qd1+ 40. Kh2 f6 41. Qg6+ Kh8 42. Qxf6+ Kh7 43. Qf7+ Kh8 1-0

[Event "IV Open"]
[Site "Crema ITA"]
[Date "2002.09.08"]
[Round "5"]
[White "Annoni, Riccardo"]
[Black "Panizzi, Giuseppe"]
[Result "1-0"]
[WhiteElo "1843"]
[BlackElo "1859"]
[PlyCount "95"]
[EventDate "2002.09.06"]

1. e4 c5 2. Nc3 Nc6 3. g3 g6 4. d3 Bg7 5. Be3 d6 6. Bg2 Bd7 7. Qd2 Rb8 8. Nge2
b5 9. O-O Nd4 10. Nd1 Nxe2+ 11. Qxe2 Qc7 12. f4 e6 13. f5 Bd4 14. Qf2 Bxe3 15.
Nxe3 gxf5 16. exf5 e5 17. f6 Qd8 18. a4 bxa4 19. Nc4 Qc7 20. Qe3 h6 21. Qe4 Rd8
22. Qd5 Be6 23. Qc6+ Qxc6 24. Bxc6+ Kf8 25. Rxa4 h5 26. Rxa7 Rh6 27. Nxd6 Nxf6
28. Ne4 Nxe4 29. Bxe4 Rd7 30. Rxd7 Bxd7 31. Bd5 f5 32. Re1 f4 33. Rxe5 fxg3 34.
hxg3 Bg4 35. Be4 Rb6 36. b3 c4 37. dxc4 Rd6 38. c5 Rd1+ 39. Kf2 Rd2+ 40. Ke3
Rd8 41. c6 Kf7 42. Bf5 Kf6 43. c7 Rg8 44. Bxg4 hxg4 45. Rc5 Rc8 46. b4 Ke6 47.
b5 Kd6 48. Kd4 1-0

[Event "IV Open"]
[Site "Crema ITA"]
[Date "2002.09.08"]
[Round "5"]
[White "Badalotti, Dario"]
[Black "Salami, Giovanni"]
[Result "1-0"]
[WhiteElo "1585"]
[BlackElo "1510"]
[PlyCount "70"]
[EventDate "2002.09.06"]

1. e4 c5 2. Nf3 e6 3. d4 cxd4 4. Nxd4 Nc6 5. Nc3 Bb4 6. Bd2 Nxd4 7. a3 Ba5 8.
Be3 Bxc3+ 9. bxc3 Nc6 10. Bd4 e5 11. Be3 a6 12. Be2 Nf6 13. Bf3 O-O 14. O-O Ne7
15. c4 Ng6 16. g3 Ne7 17. Bc5 b6 18. Bb4 a5 19. Bc3 d6 20. Qd2 Ba6 21. Qd3 b5
22. cxb5 Bb7 23. Rfd1 Qb6 24. Qxd6 Qxd6 25. Rxd6 Bxe4 26. Rxf6 gxf6 27. Bxe4
Rab8 28. a4 f5 29. Bg2 e4 30. Bxa5 Nd5 31. Bd2 h5 32. c4 Nf6 33. a5 h4 34. Bg5
Kg7 35. c5 Rxb5 1-0

[Event "IV Open"]
[Site "Crema ITA"]
[Date "2002.09.08"]
[Round "5"]
[White "Benedetti, Maurizio"]
[Black "Prati, Alessandro"]
[Result "0-1"]
[WhiteElo "1458"]
[BlackElo "1624"]
[PlyCount "38"]
[EventDate "2002.09.06"]

1. c4 Nf6 2. Nc3 g6 3. e4 d6 4. d4 Bg7 5. Bd3 O-O 6. Nge2 Nc6 7. f3 e5 8. d5
Ne7 9. Be3 Nd7 10. g4 c6 11. h4 Nf6 12. h5 cxd5 13. cxd5 Bd7 14. Qd2 a6 15.
hxg6 fxg6 16. Ng3 Rf7 17. Qh2 Bh8 18. Bh6 b5 19. Kf2 Nxg4+ 0-1

[Event "IV Open"]
[Site "Crema ITA"]
[Date "2002.09.08"]
[Round "5"]
[White "Biava, Pierluigi"]
[Black "Miatello, Alberto"]
[Result "0-1"]
[WhiteElo "1546"]
[BlackElo "1878"]
[PlyCount "97"]
[EventDate "2002.09.06"]

1. e4 c5 2. f4 g6 3. Nf3 Bg7 4. c3 d6 5. Be2 Bg4 6. O-O Nc6 7. d3 Bxf3 8. Bxf3
e6 9. Qe2 Nge7 10. Be3 O-O 11. Na3 a6 12. Kh1 b5 13. Rad1 Rc8 14. Nc2 Qc7 15.
d4 cxd4 16. Nxd4 Na5 17. Qf2 Nc4 18. Bc1 e5 19. Ne2 f5 20. exf5 gxf5 21. Bd5+
Nxd5 22. Rxd5 Nb6 23. Rd3 e4 24. Rg3 Rf6 25. Nd4 Nd5 26. Rg5 Qd7 27. g4 Ne7 28.
Qg3 h6 29. Rh5 Rg6 30. g5 Nc6 31. Be3 Nxd4 32. Bxd4 Bxd4 33. cxd4 Qg7 34. Qh3
Rf8 35. Rg1 hxg5 36. Rhxg5 Rff6 37. Qg3 Rxg5 38. Qxg5 Qxg5 39. Rxg5+ Kf7 40. h4
e3 41. Kg2 Re6 42. Kf1 Kf6 43. h5 Re4 44. Rg6+ Kf7 45. Rxd6 Rxf4+ 46. Ke2 Re4
47. d5 f4 48. Re6 Rxe6 49. dxe6+ 0-1

[Event "IV Open"]
[Site "Crema ITA"]
[Date "2002.09.08"]
[Round "5"]
[White "Borboni, Paolo"]
[Black "Salami, Marco"]
[Result "0-1"]
[WhiteElo "1521"]
[BlackElo "2206"]
[PlyCount "76"]
[EventDate "2002.09.06"]

1. e4 e6 2. d4 d5 3. e5 c5 4. c3 Nc6 5. Nf3 Bd7 6. Be2 Nge7 7. O-O Ng6 8. Be3
cxd4 9. cxd4 Be7 10. Nc3 O-O 11. Ne1 f6 12. f4 fxe5 13. fxe5 Rxf1+ 14. Bxf1 Bg5
15. Bxg5 Qxg5 16. Nf3 Qe3+ 17. Kh1 Rf8 18. Qd3 Qh6 19. Ne2 Nh4 20. Nxh4 Qxh4
21. g3 Qh6 22. a3 Be8 23. Bg2 Bh5 24. Nf4 Bg4 25. Rf1 g5 26. Ne2 Bxe2 27. Rxf8+
Qxf8 28. Qxe2 Qf5 29. Qd1 Qf2 30. Qc1 h6 31. b4 Qxd4 32. h4 Qxe5 33. Qb1 Kg7
34. h5 Ne7 35. Qd3 Nf5 36. g4 Ng3+ 37. Kg1 Ne2+ 38. Kh1 Qa1+ 0-1

[Event "IV Open"]
[Site "Crema ITA"]
[Date "2002.09.08"]
[Round "5"]
[White "Castrogiovanni, Carlo"]
[Black "Cocozza, Mario"]
[Result "0-1"]
[WhiteElo "2071"]
[BlackElo "2354"]
[PlyCount "80"]
[EventDate "2002.09.06"]

1. Nf3 Nf6 2. c4 g6 3. g3 Bg7 4. Bg2 O-O 5. O-O d6 6. d4 c6 7. Nc3 Nbd7 8. e4
e5 9. d5 Nc5 10. Ne1 cxd5 11. cxd5 Qb6 12. h3 Bd7 13. Rb1 Qa6 14. b3 Rac8 15.
f3 Nh5 16. Kh2 f5 17. Rg1 Nxe4 18. Nxe4 fxe4 19. fxe4 Rc3 20. Bf3 Qxa2+ 21. Rb2
Qa1 22. Nc2 Qa6 23. Bxh5 gxh5 24. Ne3 Rf6 25. Rc2 Rxc2+ 26. Qxc2 Qa5 27. Nc4
Qc7 28. Bg5 Rg6 29. Be3 b5 30. Na3 Qxc2+ 31. Nxc2 a5 32. Bb6 a4 33. bxa4 bxa4
34. Bc7 Rf6 35. Kg2 Bb5 36. Re1 Bh6 37. Ne3 Bd3 38. Nf5 Bd2 39. Kf2 Bxe1+ 40.
Kxe1 Bxe4 0-1

[Event "IV Open"]
[Site "Crema ITA"]
[Date "2002.09.08"]
[Round "5"]
[White "Distratis, Gianluca"]
[Black "Trangoni, Bruno"]
[Result "1/2-1/2"]
[WhiteElo "1675"]
[BlackElo "1695"]
[PlyCount "79"]
[EventDate "2002.09.06"]

1. e4 e5 2. Nf3 Nc6 3. Bb5 f5 4. Nc3 fxe4 5. Nxe4 d5 6. Ng3 Bg4 7. h3 Bxf3 8.
Qxf3 Nf6 9. d3 Bc5 10. O-O O-O 11. Nf5 Nd4 12. Nxd4 Bxd4 13. Qe2 c6 14. Ba4 Qa5
15. Bb3 Rae8 16. c3 Bc5 17. Bg5 Kh8 18. Rae1 Qb6 19. Bc2 Qxb2 20. Bxf6 Rxf6 21.
d4 Bd6 22. dxe5 Qxc3 23. Qh5 g6 24. Bxg6 Rxg6 25. Re3 Rxe5 26. Qxg6 Rxe3 27.
Qxd6 Re8 28. f4 Qe3+ 29. Kh1 Qe7 30. Qh6 Qg7 31. Qd6 Rg8 32. g4 Qc3 33. Qh6 Qd4
34. f5 Qe4+ 35. Kh2 Qc2+ 36. Kg3 Qc3+ 37. Rf3 Qe1+ 38. Kg2 Re8 39. Qf6+ Kg8 40.
Qg5+ 1/2-1/2

[Event "IV Open"]
[Site "Crema ITA"]
[Date "2002.09.08"]
[Round "5"]
[White "Dragojlovic, Andjelko"]
[Black "Braghetta, Sergio"]
[Result "1-0"]
[WhiteElo "2351"]
[BlackElo "2265"]
[PlyCount "64"]
[EventDate "2002.09.06"]

1. Nf3 d5 2. g3 c6 3. Bg2 Bg4 4. O-O Nd7 5. d4 Ngf6 6. b3 e6 7. c4 Be7 8. Nc3
O-O 9. Bb2 Qa5 10. h3 Bh5 11. a3 Qa6 12. g4 Bg6 13. Ne5 Rfe8 14. Nxg6 hxg6 15.
cxd5 cxd5 16. f4 Rec8 17. Rc1 Bd6 18. e3 Bb8 19. Rf2 Qd6 20. Rfc2 Nb6 21. g5
Ne8 22. h4 Qd7 23. h5 Nd6 24. a4 Nf5 25. Kf2 a6 26. a5 Na4 27. Ne4 Rxc2+ 28.
Rxc2 Bd6 29. Nc5 Nxc5 30. dxc5 Ne7 31. Bh3 Qb5 32. h6 gxh6 1-0

[Event "IV Open"]
[Site "Crema ITA"]
[Date "2002.09.08"]
[Round "5"]
[White "Folcini, Gaddo"]
[Black "Menini, Luca"]
[Result "1/2-1/2"]
[WhiteElo "1344"]
[BlackElo "1600"]
[PlyCount "85"]
[EventDate "2002.09.06"]

1. d4 d5 2. e4 e6 3. e5 c5 4. Nf3 Nc6 5. Be2 Bd7 6. O-O Qb6 7. Ng5 Nxd4 8. Nxf7
Nxe2+ 9. Qxe2 Kxf7 10. Bf4 Bb5 11. Qh5+ g6 12. Qf3 Ke8 13. Re1 Ne7 14. a4 Bc6
15. Qg4 Kd7 16. Nc3 Nf5 17. Rad1 d4 18. Qh3 Kc7 19. Nb5+ Bxb5 20. axb5 Rd8 21.
g4 Ne7 22. Qd3 Nd5 23. Bg3 Bh6 24. c3 dxc3 25. bxc3 Bf4 26. c4 Bxg3 27. cxd5
Bxf2+ 28. Kxf2 c4+ 29. Qd4 Qxd4+ 30. Rxd4 exd5 31. Red1 Kb6 32. Rxd5 Rxd5 33.
Rxd5 Re8 34. Ke3 a6 35. bxa6 bxa6 36. Kd4 a5 37. Kxc4 Rc8+ 38. Kb3 Rc5 39. Rd6+
Kb5 40. e6 Re5 41. Kc3 Kc5 42. Ra6 Kb5 43. Kd4 1/2-1/2

[Event "IV Open"]
[Site "Crema ITA"]
[Date "2002.09.08"]
[Round "5"]
[White "Gaeta, Antonio Angelo"]
[Black "Gilardone, Adriano"]
[Result "0-1"]
[WhiteElo "1510"]
[BlackElo "1729"]
[PlyCount "49"]
[EventDate "2002.09.06"]

1. d4 Nf6 2. Nf3 d5 3. h3 e6 4. Bg5 Bd6 5. e3 O-O 6. Bd3 Nbd7 7. O-O c5 8. c3
a6 9. Bxf6 Nxf6 10. Nbd2 Qb6 11. b3 Qc7 12. Qe2 Bd7 13. e4 dxe4 14. Nxe4 Nd5
15. c4 Nf4 16. Qd2 cxd4 17. Nxd4 Be5 18. Bc2 Bxd4 19. Rad1 e5 20. g3 Nxh3+ 21.
Kh2 Rad8 22. Nf6+ Kh8 23. Qd3 g6 24. Qf3 Ng5 25. Qd5 0-1